[Event "Irish Championship 2021"]
[Site "Dublin IRL"]
[Date "2021.08.08"]
[Round "9.9"]
[White "Venkatesan, Kavin"]
[Black "Scott, Luke"]
[Result "1-0"]
[WhiteElo "2011"]
[BlackElo "1906"]
[WhiteICU "2032"]
[BlackICU "1959"]
[WhiteClub "St. Benildus"]
[BlackClub "Ballyroan"]
[WhiteNationality "IRL"]
[BlackNationality "IRL"]
[WhiteFideId "2512602"]
[BlackFideId "2507986"]
[PlyCount "93"]
[Venue "Colaiste Eanna"]
[EventDate "2021.07.31"]

{ Event information: <a
href="https://www.irlchess.com/irlch2021_allfiles/pairings_irlch2021.html">Tournament
report</a>. }

1. d4 Nf6 2. c4 e6 3. Nc3 Bb4 4. f3 c5 5. d5 O-O 6. e4 d6 7. Ne2 b5 8. Ng3
bxc4 9. Bxc4 exd5 10. Bxd5 Nxd5 11. Qxd5 Be6 12. Qd3 Qb6 13. a3 c4 14. Qc2
Ba5 15. Qf2 Qb3 16. O-O Bxc3 17. bxc3 Qxc3 18. Bb2 Qa5 19. Qd4 Qc5 20. Qxc5
dxc5 21. f4 f6 22. Rfd1 Bf7 23. Rd6 a5 24. e5 fxe5 25. fxe5 Bg6 26. Rc1 Bd3
27. e6 Ra6 28. Rxa6 Nxa6 29. Re1 Nc7 30. e7 Re8 31. Re5 Kf7 32. Nf5 Bxf5
33. Rxf5+ Kxe7 34. Rxc5 Ne6 35. Rxc4 Rf8 (35... Ra8 $10) 36. g3 g5 37. Bc3
Rf5 38. Ra4 h5 39. Rxa5 Rxa5 $2 (39... Rf3 $1 $14) 40. Bxa5 $18 h4 41. g4
Nd4 42. Kf2 Nc6 43. Bc3 Ke6 44. a4 Kd5 45. Bf6 Ke4 46. Bxg5 Ne5 47. h3 1-0

[Event "Irish Championship 2021"]
[Site "Dublin IRL"]
[Date "2021.08.08"]
[Round "9.10"]
[White "Tirziman, Rudolf"]
[Black "Moran, Darragh"]
[Result "1-0"]
[WhiteElo "1941"]
[BlackElo "1859"]
[BlackICU "1838"]
[WhiteClub "Blanchardstown"]
[BlackClub "Gonzaga"]
[WhiteNationality "IRL"]
[BlackNationality "IRL"]
[WhiteFideId "2508664"]
[BlackFideId "2510294"]
[PlyCount "73"]
[Venue "Colaiste Eanna"]
[EventDate "2021.07.31"]

{ Event information: <a
href="https://www.irlchess.com/irlch2021_allfiles/pairings_irlch2021.html">Tournament
report</a>. }

1. d4 d5 2. c4 c6 3. Nf3 Nf6 4. cxd5 cxd5 5. Nc3 Nc6 6. Bf4 Bf5 7. Qb3 Na5
8. Qa4+ Bd7 9. Qc2 e6 10. e3 Rc8 11. Bd3 Bb4 12. O-O a6 13. Rfc1 O-O 14.
Ne5 Bb5 15. Bxb5 axb5 16. Qe2 Bxc3 17. bxc3 Nc4 18. Bg5 Qa5 19. Bxf6 gxf6
20. Nd7 Rfd8 21. Qg4+ Kh8 22. Nxf6 Nd6 23. Qh5 Kg7 24. Qg5+ Kf8 25. Nxh7+
Ke8 26. Nf6+ Kf8 27. h4 Rxc3 28. h5 Rdc8 29. Rf1 Ne4 30. Nxe4 dxe4 31. a4
Rb3 32. Rfb1 Rxb1+ 33. Rxb1 Qxa4 34. h6 Qc2 35. Rxb5 Qd1+ 36. Kh2 Rc1 37.
Qd8# 1-0

[Event "Irish Championship 2021"]
[Site "Dublin IRL"]
[Date "2021.08.08"]
[Round "9.11"]
[White "Duffy, Seamus"]
[Black "O'Connell, Gerard"]
[Result "0-1"]
[WhiteElo "1945"]
[BlackElo "2051"]
[WhiteICU "1872"]
[BlackICU "2005"]
[WhiteClub "Dun Laoghaire"]
[BlackClub "St. Benildus"]
[WhiteNationality "IRL"]
[BlackNationality "IRL"]
[WhiteFideId "2501708"]
[BlackFideId "2500493"]
[PlyCount "118"]
[Venue "Colaiste Eanna"]
[EventDate "2021.07.31"]
[WhiteFullName "Duffy, S&eacute;amus"]

{ Event information: <a
href="https://www.irlchess.com/irlch2021_allfiles/pairings_irlch2021.html">Tournament
report</a>. }

1. b3 e5 2. Bb2 d6 3. e3 g6 4. f4 Bg7 5. Nf3 Bg4 6. h3 Bxf3 7. Qxf3 Nc6 8.
Bb5 Ne7 9. fxe5 O-O 10. Bxc6 Nxc6 11. O-O Nxe5 12. Bxe5 Bxe5 13. d4 Bg7 14.
Nd2 Qe7 15. Rae1 c5 16. c3 b5 17. Ne4 f5 18. Nf2 Rad8 19. Qc6 Qd7 20. Qd5+
Qf7 21. Qc6 b4 22. cxb4 cxd4 23. exd4 Bxd4 24. Rd1 Be5 25. Qd5 Rc8 26. Qd2
Rc7 27. Rc1 Rfc8 28. Rxc7 Rxc7 29. Ne4 Qe7 30. Ng5 Kg7 31. Nf3 Bc3 32. Qd3
Qf6 33. b5 Bb4 34. Kh1 Qc3 35. Qd5 Qc5 36. Qd3 Re7 37. Nd4 Bc3 38. Nc2 Be5
39. Re1 Rc7 40. Ne3 Qb4 41. Qe2 Qf4 42. Nf1 Rc3 43. g3 Qd4 44. Qg2 Qc5 45.
g4 fxg4 46. hxg4 Qxb5 47. g5 Qc6 48. Re4 Rc2 49. Qf3 Rf2 50. Qxf2 Qxe4+ 51.
Qg2 Qxg2+ 52. Kxg2 Bf4 53. Kf3 Bxg5 54. Ke4 Kf7 55. b4 Ke6 56. a4 d5+ 57.
Kd3 Bf4 58. Ke2 g5 59. b5 Kd6 0-1

[Event "Irish Championship 2021"]
[Site "Dublin IRL"]
[Date "2021.08.08"]
[Round "9.12"]
[White "Cafolla, Peter"]
[Black "Fox, Anthony"]
[Result "1-0"]
[WhiteElo "1958"]
[BlackElo "2005"]
[WhiteICU "1914"]
[BlackICU "2007"]
[WhiteClub "Rathmines"]
[BlackClub "Dun Laoghaire"]
[WhiteNationality "IRL"]
[BlackNationality "IRL"]
[WhiteFideId "2500884"]
[BlackFideId "2500736"]
[PlyCount "101"]
[Venue "Colaiste Eanna"]
[EventDate "2021.07.31"]

{ Event information: <a
href="https://www.irlchess.com/irlch2021_allfiles/pairings_irlch2021.html">Tournament
report</a>. }

1. d4 d5 2. c4 e6 3. Nc3 Nf6 4. Bg5 Be7 5. e3 h6 6. Bh4 O-O 7. Nf3 b6 8.
Be2 Bb7 9. Bxf6 Bxf6 10. cxd5 exd5 11. b4 c6 12. O-O a5 13. a3 Re8 14. Qb3
Nd7 15. b5 c5 16. Nxd5 Bxd4 17. Rad1 Bxd5 18. Qxd5 Nf6 19. Qb3 Qc7 20. Nxd4
cxd4 21. Rxd4 Rad8 22. Rxd8 Rxd8 23. Bf3 Rd2 24. Rd1 Qd6 25. Rxd2 Qxd2 26.
g3 Qd6 27. Qc3 g6 28. Kg2 h5 29. Bc6 h4 30. Qd4 Qxd4 31. exd4 hxg3 32. fxg3
Kf8 33. Kf3 Ke7 34. Kf4 Kd6 35. g4 Ke7 36. h4 Kd6 37. Bf3 Ke7 38. Ke5 Ne8
39. h5 f6+ 40. Kd5 gxh5 41. gxh5 Nc7+ 42. Kc6 Ne6 43. Kxb6 Nxd4 44. Bd1 f5
45. Kxa5 f4 46. h6 Kf6 47. b6 Kg6 48. b7 Nc6+ 49. Kb6 Nb8 50. a4 Kxh6 51.
Be2 1-0

[Event "Irish Championship 2021"]
[Site "Dublin IRL"]
[Date "2021.08.08"]
[Round "9.13"]
[White "Harding, Tim"]
[Black "O'Gorman, Alice"]
[Result "1/2-1/2"]
[WhiteTitle "CM"]
[WhiteElo "2003"]
[BlackElo "1907"]
[WhiteICU "1955"]
[BlackICU "1882"]
[WhiteClub "T.C.D."]
[BlackClub "T.C.D."]
[WhiteNationality "IRL"]
[BlackNationality "IRL"]
[WhiteFideId "2500256"]
[BlackFideId "2508214"]
[PlyCount "59"]
[Venue "Colaiste Eanna"]
[EventDate "2021.07.31"]

{ Event information: <a
href="https://www.irlchess.com/irlch2021_allfiles/pairings_irlch2021.html">Tournament
report</a>. }

1. d4 d5 2. c4 e6 3. Nc3 c6 4. e3 Bd6 5. Nf3 f5 6. Bd3 Nf6 7. Qc2 a6 8. Bd2
O-O 9. Ne2 Qe7 10. Bc3 Bd7 11. Ne5 Be8 12. Qb3 Qc7 13. cxd5 cxd5 14. Bb4
Bxb4+ 15. Qxb4 Nc6 16. Qc3 Qd6 17. Nxc6 Bxc6 18. Rc1 Qd7 19. O-O Bb5 20.
Nf4 g5 21. Bxb5 axb5 22. Nd3 Ne4 23. Qc7 Rf7 24. Qxd7 Rxd7 25. f3 Nd2 26.
Ne5 Nxf1 27. Nxd7 Nxe3 28. Rc7 h6 29. Nf6+ Kf8 30. Rd7 1/2-1/2

[Event "Irish Championship 2021"]
[Site "Dublin IRL"]
[Date "2021.08.08"]
[Round "9.14"]
[White "MacElligott, Gerard"]
[Black "Putar, Lara"]
[Result "1-0"]
[WhiteTitle "CM"]
[WhiteElo "1966"]
[BlackElo "1930"]
[WhiteICU "1938"]
[BlackICU "1969"]
[WhiteClub "Elm Mount"]
[BlackClub "St. Benildus"]
[WhiteNationality "IRL"]
[BlackNationality "IRL"]
[WhiteFideId "2500647"]
[BlackFideId "14546604"]
[PlyCount "63"]
[Venue "Colaiste Eanna"]
[EventDate "2021.07.31"]

{ Event information: <a
href="https://www.irlchess.com/irlch2021_allfiles/pairings_irlch2021.html">Tournament
report</a>. }

1. d4 Nf6 2. c4 g6 3. g3 c6 4. Bg2 d5 5. Nf3 Bg7 6. Qb3 dxc4 7. Qxc4 Be6 8.
Qa4 Nbd7 9. Nc3 O-O 10. O-O c5 11. Rd1 Qc8 12. Qc2 Bg4 13. h3 Bxf3 14. Bxf3
cxd4 15. Rxd4 e5 16. Rd1 Nc5 17. Nd5 Nxd5 18. Bxd5 Re8 19. Be3 Ne6 20. Qxc8
Raxc8 21. Bxa7 Rc2 22. e3 Rxb2 23. Rab1 Rxb1 24. Rxb1 Nd8 25. Rc1 Bf6 26.
a4 Kf8 27. a5 Be7 28. Bb6 Kg7 29. Rc8 Kf8 30. Bxb7 Nxb7 31. Rxe8+ Kxe8 32.
a6 1-0

[Event "Irish Championship 2021"]
[Site "Dublin IRL"]
[Date "2021.08.08"]
[Round "9.15"]
[White "Lyons, Brendan"]
[Black "O'Flaherty, Kevin"]
[Result "1/2-1/2"]
[WhiteElo "1931"]
[BlackElo "1884"]
[WhiteICU "1886"]
[BlackICU "1818"]
[WhiteClub "St. Benildus"]
[BlackClub "Univ. of Limerick"]
[WhiteNationality "IRL"]
[BlackNationality "IRL"]
[WhiteFideId "2500698"]
[BlackFideId "2502283"]
[PlyCount "72"]
[Venue "Colaiste Eanna"]
[EventDate "2021.07.31"]

{ Event information: <a
href="https://www.irlchess.com/irlch2021_allfiles/pairings_irlch2021.html">Tournament
report</a>. }

1. e4 d6 2. d4 Nf6 3. Nc3 g6 4. f3 Nbd7 5. Be3 c6 6. Qd2 Qc7 7. O-O-O Bg7
8. Bh6 Bxh6 9. Qxh6 b5 10. Kb1 b4 11. Nce2 a5 12. Nc1 Ba6 13. Nh3 Bxf1 14.
Rhxf1 c5 15. Ng5 cxd4 16. Rxd4 Rc8 17. Rd2 Ne5 18. Re2 Qc4 19. Nh3 Nc6 20.
Rff2 Nd4 21. Rd2 Nb5 22. Qe3 O-O 23. Qd3 Qc6 24. Nf4 Qb6 25. g4 e5 26. g5
exf4 27. gxf6 a4 28. Rg2 Rc5 29. Rg4 Rfc8 30. Rdg2 Na3+ 31. bxa3 bxa3+ 32.
Nb3 axb3 33. axb3 Rc3 34. Qd5 R8c5 35. Qa8+ Rc8 36. Qd5 R8c5 1/2-1/2

[Event "Irish Championship 2021"]
[Site "Dublin IRL"]
[Date "2021.08.08"]
[Round "9.16"]
[White "Burke, Kevin"]
[Black "Goss, Alex"]
[Result "0-1"]
[WhiteElo "1883"]
[BlackElo "1833"]
[WhiteICU "1781"]
[BlackICU "1750"]
[WhiteClub "St. Benildus"]
[BlackClub "U.C.D."]
[WhiteNationality "IRL"]
[BlackNationality "IRL"]
[WhiteFideId "2501520"]
[BlackFideId "2509407"]
[PlyCount "56"]
[Venue "Colaiste Eanna"]
[EventDate "2021.07.31"]

{ Event information: <a
href="https://www.irlchess.com/irlch2021_allfiles/pairings_irlch2021.html">Tournament
report</a>. }

1. e4 e6 2. d4 d5 3. Nc3 Bb4 4. e5 c5 5. a3 Bxc3+ 6. bxc3 Ne7 7. Qg4 Qc7 8.
Qxg7 Rg8 9. Qxh7 cxd4 10. Ne2 Nbc6 11. f4 dxc3 12. Qd3 d4 13. Ng3 Bd7 14.
Ne4 Nd5 $2 (14... O-O-O $10) 15. Nd6+ Ke7 16. Rb1 Rab8 17. Qh7 $18 Rgf8 18.
f5 $4 Nxe5 $19 19. Ne4 exf5 20. Bg5+ Ke8 21. Nf6+ Nxf6 22. Bxf6 d3 23. Bxd3
Nxd3+ 24. cxd3 c2 25. Rc1 Qa5+ 26. Kf1 Qd2 27. Re1+ Qxe1+ 28. Kxe1 c1=Q+
0-1

[Event "Irish Championship 2021"]
[Site "Dublin IRL"]
[Date "2021.08.08"]
[Round "9.17"]
[White "Doyle, Tony"]
[Black "Casey, Eoghan"]
[Result "0-1"]
[WhiteElo "2206"]
[BlackElo "1952"]
[WhiteICU "2046"]
[BlackICU "1876"]
[BlackClub "Gonzaga"]
[WhiteNationality "IRL"]
[BlackNationality "IRL"]
[WhiteFideId "2500329"]
[BlackFideId "2502178"]
[PlyCount "140"]
[Venue "Colaiste Eanna"]
[EventDate "2021.07.31"]

{ Event information: <a
href="https://www.irlchess.com/irlch2021_allfiles/pairings_irlch2021.html">Tournament
report</a>. }

1. Nf3 g6 2. c4 Bg7 3. g3 c5 4. Bg2 Nc6 5. O-O e6 6. e3 Qb6 7. Nc3 Nge7 8.
Na4 Qb4 9. d3 b5 10. cxb5 Qxb5 11. Nc3 Qa6 12. d4 cxd4 13. exd4 d5 14. Be3
Rb8 15. Qd2 Nf5 16. Rfd1 Na5 17. b3 Bd7 18. Rac1 Nxe3 19. fxe3 O-O 20. e4
dxe4 21. Nxe4 Bc6 22. Nc5 Qb6 23. Qe3 Rfd8 24. Qf2 Nb7 25. Na4 Qa6 26. Ng5
Be8 27. d5 h6 28. Nh3 Bxa4 29. bxa4 Qxa4 30. Qe2 exd5 31. Nf4 d4 32. Nd5
Nd6 33. Ne7+ Kh7 34. Nc6 Re8 35. Qf2 Rbc8 36. Kh1 Nf5 37. Bf3 d3 38. Rxd3
Nd4 39. Qg2 Nxf3 40. Qxf3 Qxa2 41. Rf1 Qe2 42. Qxe2 Rxe2 43. Nd4 Bxd4 44.
Rxd4 Rc7 45. Rdf4 f5 46. Ra4 h5 47. h4 Kh6 48. Kg1 Rcc2 49. Rff4 Rg2+ 50.
Kf1 Rh2 51. Kg1 Rcg2+ 52. Kf1 Rxg3 53. Rxa7 Rg4 54. Rf3 Rgxh4 55. Ra6 Rb4
56. Kg1 Rc2 57. Rxf5 Rb1+ 58. Rf1 Rxf1+ 59. Kxf1 h4 60. Kg1 Kh5 61. Ra4 g5
62. Kh1 h3 63. Kg1 g4 64. Ra3 Kh4 65. Ra4 Rc3 66. Kh2 Rf3 67. Rb4 Kg5 68.
Ra4 Rf4 69. Ra5+ Kh4 70. Ra3 g3+ 0-1